Top 30 : Tyler, The Creator - Statistiques

Statistiques générales
  • Ce quiz a été pris 138 fois
  • Le résultat moyen est 14 sur 30
Statistiques - réponses
Top Titres Featuring % Correct
1 See You Again Kali Uchis
98%
8 Like Him Lola Young
89%
2 EARFQUAKE
81%
7 She Frank Ocean
79%
11 911 / Mr. Lonely Frank Ocean, Steve Lacy
68%
10 Sticky GloRilla, Sexyy Red, Lil Wayne
65%
6 ARE WE STILL FRIENDS?
62%
9 GONE, GONE / THANK YOU
62%
19 IFHY Pharrell Williams
61%
20 St. Chroma Daniel Caesar
61%
4 NEW MAGIC WAND
60%
3 After The Storm Kali Uchis, Bootsy Collins
54%
28 Sugar On My Tongue
52%
13 I THINK
51%
14 SWEET / I THOUGHT YOU WANTED TO DANCE Brent Faiyaz, Fana Hues
42%
22 A BOY IS A GUN
38%
12 WUSYANAME YoungBoy Never Broker Again, Ty Dolla $ign
29%
23 Yonkers
29%
16 Boredom Rex Orange County, Anna of the North
28%
18 Potato Salad A$AP Rocky
28%
27 Answer
26%
29 Cash In Cash Out Pharrell Williams, 21 Savage
26%
15 RUNNING OUT OF TIME
25%
21 Who Dat Boy A$AP Rocky
25%
5 BEST INTEREST
24%
26 Glitter
24%
25 Biking Frank Ocean, JAY-Z
19%
24 Where This Flower Blooms Frank Ocean
19%
30 DOGTOOTH
14%
17 GRAVITY Brent Faiyaz, Dahi
12%
Aucun quiz correspondant
Distribution des résultats
% des personnes avec chaque résultat
Percentile par nombre de réponses
Votre historique - résultats
Vous n’avez pas pris ce quiz